| 000 | 00382cam a22001097a 4500 | ||
|---|---|---|---|
| 008 | 180718b xxu||||| |||| 00| 0 eng d | ||
| 082 | _aL27x54 In2 | ||
| 245 |
_aReport of the Committee on Sales Tax _cby Directorate of Commercial Publicity, Ministry of Commerce, Directorate of Commercial Publicity, India |
||
| 260 |
_aDelhi _b _c |
||
| 300 | _a86p. | ||
| 700 | _aIndia. Ministry of Commerce | ||
| 999 |
_c500299 _d500299 |
||